000 00808nam a2200301Ia 4500
003 OSt
005 20221006144425.0
006 a|||||r|||| 00| 0
007 ta
008 221006b |||||||| |||| 00| 0 eng d
020 _c75.00
024 _a11,656
037 _cTextual
040 _aEASL
_cEASL
_beng
041 _2eng
_aeng
082 _aV10bX(J).N, M0
100 _aHOBSBAWM E. J. Ed.
245 0 _aPeasants in history
_b Essays in Honour of Daniel Thorner
260 _aCalcutta
_bOxford University India
_c1980
300 _axiii,319p.
_ccm.
490 _v Gen
650 _a Development
650 _a Gen
650 _a Mortality
_9651953
650 _aEconomic - Growth
942 _hV10bX(J).N, M0
_cTEXL
_2CC
999 _c1079742
_d1079742